Normal view MARC view
  • Robinson, Cabeiri deBergh,

Entry Personal Name

Number of records used in: 2

001 - CONTROL NUMBER

  • control field: 16740

003 - CONTROL NUMBER IDENTIFIER

  • control field: NUST

005 - DATE AND TIME OF LATEST TRANSACTION

  • control field: 20190704113526.0

008 - FIXED-LENGTH DATA ELEMENTS

  • fixed length control field: 190704|| aca||aabn | a|a d

040 ## - CATALOGING SOURCE

  • Original cataloging agency: NUST
  • Transcribing agency: NUST

100 ## - HEADING--PERSONAL NAME

  • Personal name: Robinson, Cabeiri deBergh,
  • Relator term: author.

670 ## - SOURCE DATA FOUND

  • Source citation: Work cat.: (NUST)0: Robinson, Cabeiri deBergh, author., Body of victim, body of warrior :
© 2023 Central Library, National University of Sciences and Technology. All Rights Reserved.